Risks and reconstruction (Record no. 5151)
[ view plain ]
| 000 -LEADER | |
|---|---|
| fixed length control field | 01470nam a22003614a 4500 |
| 001 - CONTROL NUMBER | |
| control field | ebr5007368 |
| 003 - CONTROL NUMBER IDENTIFIER | |
| control field | CaPaEBR |
| 006 - FIXED-LENGTH DATA ELEMENTS--ADDITIONAL MATERIAL CHARACTERISTICS--GENERAL INFORMATION | |
| fixed length control field | m u |
| 007 - PHYSICAL DESCRIPTION FIXED FIELD--GENERAL INFORMATION | |
| fixed length control field | cr cn||||||||| |
| 008 - FIXED-LENGTH DATA ELEMENTS--GENERAL INFORMATION | |
| fixed length control field | 991123s2000 dcu sb 000 0 eng |
| 010 ## - LIBRARY OF CONGRESS CONTROL NUMBER | |
| Canceled/invalid LC control number | 99059266 |
| 020 ## - INTERNATIONAL STANDARD BOOK NUMBER | |
| Cancelled/invalid ISBN | 0821344447 |
| 040 ## - CATALOGING SOURCE | |
| Original cataloging agency | CaPaEBR |
| Transcribing agency | CaPaEBR |
| 035 ## - SYSTEM CONTROL NUMBER | |
| System control number | (OCoLC)45843515 |
| 050 14 - LIBRARY OF CONGRESS CALL NUMBER | |
| Classification number | HV640 |
| Item number | .R35 2000eb |
| 082 04 - DEWEY DECIMAL CLASSIFICATION NUMBER | |
| Classification number | 362.87/09172/4 |
| Edition number | 21 |
| 245 00 - TITLE STATEMENT | |
| Title | Risks and reconstruction |
| Medium | [electronic resource] : |
| Remainder of title | experiences of resettlers and refugees / |
| Statement of responsibility, etc | edited by Michael M. Cernea, Christopher McDowell. |
| 260 ## - PUBLICATION, DISTRIBUTION, ETC. (IMPRINT) | |
| Place of publication, distribution, etc | Washington, DC : |
| Name of publisher, distributor, etc | World Bank, |
| Date of publication, distribution, etc | 2000. |
| 300 ## - PHYSICAL DESCRIPTION | |
| Extent | xv, 487 p. |
| 504 ## - BIBLIOGRAPHY, ETC. NOTE | |
| Bibliography, etc | Includes bibliographical references (p. 445-487). |
| 533 ## - REPRODUCTION NOTE | |
| Type of reproduction | Electronic reproduction. |
| Place of reproduction | Palo Alto, Calif. : |
| Agency responsible for reproduction | ebrary, |
| Date of reproduction | 2013. |
| Note about reproduction | Available via World Wide Web. |
| -- | Access may be limited to ebrary affiliated libraries. |
| 650 #0 - SUBJECT ADDED ENTRY--TOPICAL TERM | |
| Topical term or geographic name as entry element | Refugees |
| Geographic subdivision | Developing countries. |
| Topical term or geographic name as entry element | Forced migration |
| Geographic subdivision | Developing countries. |
| Topical term or geographic name as entry element | Land settlement |
| Geographic subdivision | Developing countries. |
| Topical term or geographic name as entry element | Relocation (Housing) |
| Geographic subdivision | Developing countries. |
| Topical term or geographic name as entry element | Rehabilitation |
| Geographic subdivision | Developing countries. |
| Topical term or geographic name as entry element | Economic development |
| General subdivision | Social aspects. |
| 655 #7 - INDEX TERM--GENRE/FORM | |
| Genre/form data or focus term | Electronic books. |
| Source of term | local |
| 700 1# - ADDED ENTRY--PERSONAL NAME | |
| Personal name | Cernea, Michael M. |
| Personal name | McDowell, Chris. |
| 710 2# - ADDED ENTRY--CORPORATE NAME | |
| Corporate name or jurisdiction name as entry element | ebrary, Inc. |
| 856 40 - ELECTRONIC LOCATION AND ACCESS | |
| Uniform Resource Identifier | <a href="http://site.ebrary.com/lib/rucke/Doc?id=5007368">http://site.ebrary.com/lib/rucke/Doc?id=5007368</a> |
| Public note | An electronic book accessible through the World Wide Web; click to view |
No items available.
